000 00919cam a22002891 4500
001 7400
003 BD-RjUL
005 20211208234416.0
008 140115s1964 xx 001 0 eng
035 _a(BD-RjUL)7443
035 _a(OCoLC)1097009
040 _aDLC
_cMBNU
_dDLC
_dBD-RjUL
_beng
041 _aeng
080 _a512.89
082 _222
_a511.324
_bSIB 1964
100 1 _aSikorski, Roman.
_923131
245 1 0 _aBoolean algebras /
_cRoman Sikorski
250 _a2d ed.
260 _aNew York :
_bAcademic Press,
_cc1964.
300 _ax, 237 p. ;
_c23 cm.
490 1 _aErgebnisse der Mathematik und ihrer Grenzegebiete, n.F., Bd. 25. Reihe: Reelle Funktionen.
504 _aIncludes bibliographical references and index.
650 0 _aAlgebra, Boolean.
_920279
830 0 _aErgebnisse der Mathematik und ihrer Grenzgebiete, v.
_vn.F., Bd. 25.
_9209778
942 _2ddc
_cBK
999 _c7400
_d7400